Los transportes en la ingeniería industrial: problemas y prácticas

Saved in:
書目詳細資料
Main Authors: Miravete, Antonio (autor), Larrodé, Emilio (Author), Cuartero, Jesús (Author), Castejón, Luis (Author)
格式: 圖書
語言:西班牙语
出版: Zaragoza Universidad de Zaragoza 1998
版:1a. ed
主題:
標簽: 添加標簽
沒有標簽, 成為第一個標記此記錄!

MARC

LEADER 00000nam a2200000 a 4500
001 UCG4209
003 CL-VaPUC
008 101018e19980000SP |||||||||||||||||spa|d
020 |a 8492134968 
082 0 4 |a 629.049  |b MIR  |2 21 
100 |a Miravete, Antonio  |e autor  |9 553539 
700 |a Larrodé, Emilio  |e author  |9 553540 
700 0 |a Cuartero, Jesús  |e author  |9 553541 
700 0 |a Castejón, Luis  |e author  |9 553542 
245 1 4 |a Los transportes en la ingeniería industrial: problemas y prácticas 
250 |a 1a. ed 
300 |a 252 p 
942 |c BK 
945 |d 20101018 00:00:00  |a mfarfan 
260 |a Zaragoza  |b Universidad de Zaragoza  |c 1998 
650 0 |a Ingeniería industrial   |9 260973 
650 7 |a TRANSPORTE  |2 CL-VaPUC  |9 256365 
583 |a last modification  |c 20101018 00:00:00  |k Rodrigo Vera 
999 |c 343044  |d 343042 
952 |0 0  |1 0  |4 0  |6 629_049000000000000_MIR_1998  |7 0  |8 A  |9 439964  |a BIBMEC  |b BIBMEC  |d 2019-11-22  |i 472741K  |o 629.049 MIR 1998  |p 472741K  |r 2024-01-19  |w 2019-11-22  |y BK  |k MEC